Normal view
MARC view
- تاليف الحطاب، سلطان
Entry Personal Name
001 - CONTROL NUMBER
- control field: 31910
003 - CONTROL NUMBER IDENTIFIER
- control field: JO-AjAnu
005 - DATE AND TIME OF LATEST TRANSACTION
- control field: 20230606075352.0
008 - FIXED-LENGTH DATA ELEMENTS
- fixed length control field: 230606|| aca||aabn | a|a d
040 ## - CATALOGING SOURCE
- Original cataloging agency: JO-AjAnu
- Transcribing agency: JO-AjAnu
100 ## - HEADING--PERSONAL NAME
- Personal name: تاليف الحطاب، سلطان
670 ## - SOURCE DATA FOUND
- Source citation: Work cat.: (JO-AjAnu)16385: تاليف الحطاب، سلطان, author, اذربيجان : عروس القزوين وبلاد النفط